Economic Diplomacy and Its Relevance in Countries with Different Income Levels: A Perspective for Transition Economies

Štúdium efektívnosti ekonomickej diplomacie sa stalo populárnou témou v oblasti medzinárodných ekonomických vzťahov. Najnovšie trendy potvrdzuje veľké množstvo akademických štúdií, ktoré zameriavajú pozornosť na hodnotenie výkonu diplomatických a konzulárnych úradov v zahraničí. Tento dokument preds...

Full description

Saved in:
Bibliographic Details
Main Author: Kunychka, Mykhaylo, 1990-
Other Authors: Raneta, Leonid, 1982-, Steblak, Diana
Format: Book Chapter
Language:English
Subjects:
Tags: Add Tag
No Tags, Be the first to tag this record!

MARC

LEADER 00000naa a2200000 4500
001 0295639
005 20260303122555.1
041 0 |a eng 
044 |a LV 
245 1 0 |a Economic Diplomacy and Its Relevance in Countries with Different Income Levels: A Perspective for Transition Economies  |c Mykhaylo Kunychka, Leonid Raneta, Diana Steblak 
520 |a Štúdium efektívnosti ekonomickej diplomacie sa stalo populárnou témou v oblasti medzinárodných ekonomických vzťahov. Najnovšie trendy potvrdzuje veľké množstvo akademických štúdií, ktoré zameriavajú pozornosť na hodnotenie výkonu diplomatických a konzulárnych úradov v zahraničí. Tento dokument predstavuje nový pokus empiricky preskúmať efektívnosť ekonomickej diplomacie na príklade transformujúcej sa krajiny, na základe aktivít ukrajinských zahraničných zastúpení. Tento východoeurópsky štát zažil za posledné desaťročie výrazné ekonomické turbulencie, politickú nestabilitu a posun vektora zahraničnej hospodárskej politiky, čo je hlavným impulzom na prehodnotenie jeho ekonomickej diplomacie. Na základe najnovších údajov o exportných tokoch autori aplikujú gravitačný model obchodu na posúdenie vplyvu ekonomickej diplomacie na exportnú aktivitu. 
610 2 0 |a diplomacia hospodárska 
610 2 0 |a spolupráca hospodárska medzinárodná 
610 2 0 |a vzťahy medzinárodné 
610 2 0 |a politika hospodárska medzinárodná 
610 2 0 |a vývoz 
610 2 0 |a príjmy 
610 2 0 |a efektívnosť 
610 2 0 |a modely ekonomické 
610 2 0 |a krajiny tranzitívne 
610 2 0 |a Ukrajina 
100 1 |a Kunychka, Mykhaylo, 1990- 
700 1 |a Raneta, Leonid, 1982- 
700 1 |a Steblak, Diana